000 00361nam a2200145Ia 4500
005 20251222143314.0
008 251222s9999||||xx |||||||||||||| ||spa||
020 _a950-808-369-7
082 _a372.622/M63
100 _aMiretti, María Luisa
245 0 _aLa Lengua Oral en la Educación Inicial
250 _a3a.ed.
264 _bHomo Sapiens
942 _cLIB
999 _c15828
_d15828